000 00832nam a2200229Ia 4500
003 OSt
005 20211123120614.0
008 210310t1966 eu fr 000 0deng d
040 _aCO-JMCR
_cCO-JMCR
041 0 _aeng
082 0 4 _a338.91 /
_bC976a
_223
100 1 _aCurrie, Lauchlin Bernard,
_918279
_eautor
245 1 0 _aAccelerating development the necessity and the means
_cLauchlin Currie
260 _aNew York :
_bMcGraw-Hill Book Company,
_c©1966
300 _axiv, 255 páginas ;
_c23 cm.
490 0 _aMcGraw-Hill Series in international development
500 _aIncluye notas a pie de página y datos biográficos del autor.
505 0 _aA general statement -- Aplication of Breakthrough plan to Colombia
650 1 4 _aDesarrollo económico
_918281
650 2 4 _aPaíses en desarrollo
_92059
942 _2ddc
_cBK
999 _c8784
_d8784